Biblioteca

The SBL Handbook of Style : (Registro nro. 65495)

Detalles MARC
000 -LÍDER
Campo fijo de descripción fija 02303nam a2200373 i 4500
001 - NÚMERO DE CONTROL
Campo de control 768714001
003 - IDENTIFICADOR DEL NÚMERO DE CONTROL
Campo de control CO-MdFUSB
005 - FECHA Y HORA DE LA ULTIMA TRANSACCIÓN
control field 20230201093435.0
007 - CAMPO FIJO DE DESCRIPCIÓN FIJA--INFORMACIÓN GENERAL
Campo fijo de descripción fija ta
008 - ELEMENTOS DE LONGITUD FIJA -- INFORMACIÓN GENERAL
Campo fijo de descripción fija -- Información general 200324t2011 -us |||| |||| 00| 0 eng d
020 ## - NÚMERO INTERNACIONAL NORMALIZADO PARA LIBROS
Número Internacional Normalizado del libro 9781565634879
040 ## - FUENTE DE CATALOGACIÓN
Agencia de catalogación original CO-MdFUSB
Idioma de catalogación spa
Agencia que realiza la transcripción CO-MdFUSB
Agencia que realiza la modificación CO-MdFUSBC
Convenciones de la descripción rda
041 ## - CÓDIGO DE IDIOMA
Código de idioma para texto/pista de sonido o título separado eng
082 ## - NÚMERO DE CLASIFICACIÓN DECIMAL DEWEY
Número de la edición del Dewey 23
Número de clasificación 220.12
Clave de autor-Numero de item A374
100 ## - ASIENTO PRINCIPAL--NOMBRE PERSONAL
Nombre personal Alexander, Patrick H.
Término relacionador autor
245 14 - TÍTULO
Título del Material The SBL Handbook of Style :
Parte restante del título - Subtitulo For ancient near Eastern, biblical, and early christian studies.
Mención de responsabilidad, etc. / Patrick H. Alexander,
264 #1 - PRODUCCIÓN, PUBLICACIÓN, DISTRIBUCIÓN, MANUFACTURA, Y COPYRIGHT
Lugar de producción, publicación, distribución, manufactura Estados Unidos :
Nombre del productor, publicador, distribuidor Hendrickson Publishers,
Fecha de producción, publicación, distribución, manufactura, o copyright [2011]
264 #4 - PRODUCCIÓN, PUBLICACIÓN, DISTRIBUCIÓN, MANUFACTURA, Y COPYRIGHT
Fecha de producción, publicación, distribución, manufactura, o copyright © 2011
300 ## - DESCRIPCIÓN FÍSICA
Extensión 282 páginas
Dimensiones ; 24 cm
336 ## - TIPO DE CONTENIDO
Fuente rdacontent
Término de tipo de contenido texto
Código de tipo de contenido txt
337 ## - TIPO DE MEDIO
Fuente rdamedia
Nombre del tipo de medio sin mediación
Código del tipo de medio n
338 ## - TIPO DE SOPORTE
Fuente rdacarrier
Nombre del tipo de soporte volumen
Código Tipo de soporte nc
500 ## - NOTA GENERAL
Nota General Colección Dawn Christina HarrellColección Dawn Christina Harrell
505 ## - NOTA DE CONTENIDO
Nota de contenido con formato preestablecido Responsabilidades de un autor -- Responsabilidades de un editor -- Estilo general -- Transliteración y transcripción de textos antiguos -- Notas y bibliografías -- Indices - Abreviaturas -- Apéndice A: Hebreo Bíblico / Canon del Antiguo Testamento -- Apéndice B: Inglés, Hebreo y versiones griegas -- Apéndice C: Texto de disertaciones Judías -- Apéndice D: Pastor de Hermas.
520 ## - NOTA DE RESUMEN, ETC.
Nota de sumario, etc. Cubre una increíble variedad de temas, de lo que todo erudito alfabetizado debería saber (pero puede no) a lo que probablemente sabría el experto más erudito en un subcampo oscuro de la disciplina. ¿Necesita saber cómo citar una publicación en Internet? ¿De quién es el trabajo para preparar el índice y asegurar los permisos? alfabetizar Abraham ibn Ezra (y por qué)? ¿Qué significa la abreviatura "AAeg"? Todo está aquí.<br/><br/>Esta hoja de estilo integral pero práctica, basada en las directrices de SBL, incorpora todo lo que la mayoría de los autores y editores necesitan saber sobre las dimensiones técnicas de la actividad editorial, a partir de comas y guiones a abreviaturas, desde transliteraciones hasta formas de anotación.
563 ## - NOTA DE ENCUADERNACIÓN
Nota de encuadernación Tapa dura
650 #0 - ASIENTO SECUNDARIO DE MATERIA - TERMINO TEMÁTICO
9 (RLIN) 16
Término temático o nombre geográfico como elemento de entrada Biblia
650 #0 - ASIENTO SECUNDARIO DE MATERIA - TERMINO TEMÁTICO
9 (RLIN) 360
Término temático o nombre geográfico como elemento de entrada Biblia
Término temático que sigue al nombre geográfico como elemento de entrada Evidencias, autoridad, etc.
653 ## - TÉRMINO DE INDIZACIÓN - NO CONTROLADO
Término no controlado Estudios antiguos -- Cercano Oriente.
653 ## - TÉRMINO DE INDIZACIÓN - NO CONTROLADO
Término no controlado Manual de estílo
942 ## - TIPO DE MATERIAL (KOHA)
Tipo de Item KOHA Libros General
945 ## - INFORMACIÓN LOCAL DEL REGISTRO
Catalogador JTF-925
Existencias
Estado de Material Estado de Perdido Forma de Clasificación Estado de Dañado No para Préstamo Colección Biblioteca de Origen Biblioteca Permanente Fecha de Adquisición Forma de Adquisición Área Total de Préstamos Signatura Topográfica Código de Barras Última vez visto Ejemplar/Existencia Fecha de Remplazo Tipo de Material
    Dewey Decimal Classification     Colección General Biblioteca FUSBC Biblioteca FUSBC 24/03/2020 Colección Dawn Christina Harrell BIBLIA   G 220.12 A374s 21173 24/03/2020 Ej.1 24/03/2020 Libros General
    Dewey Decimal Classification     Colección General Biblioteca FUSBC Biblioteca FUSBC 27/01/2023 Colección Dawn Christina Harrell BIBLIA   G 220.12 A374s 24530 27/01/2023 Ej. 2 24/03/2020 Libros General

Biblioteca FUSBC | Teléfono: (57+4) 349 88 10 Ext. 141| WhatsApp (+57) 3005338115 
E-mail: biblioteca@unisbc.edu.co | Calle 76 87-14 Robledo Palenque, Medellín, Colombia

Con tecnología Koha